Tovaroznalectvo návody na cvičenia 1

Guardado en:
Detalles Bibliográficos
Autor principal: Repka, Ján
Autor Corporativo: Vysoká škola ekonomická v Bratislave. Obchodná fakulta
Otros Autores: Kollár, Vojtech, Hudák, C., Hlôška, Branislav, Macejová, Eva, Lifková, Zdenka, Jaloviar, Alexander, Müller, Ladislav, Harna, Štefan, Luknár, Ondrej
Formato: Libro
Lenguaje:eslovaco
Publicado: Bratislava VŠE 1985
Edición:1. vyd.
Etiquetas: Agregar Etiqueta
Sin Etiquetas, Sea el primero en etiquetar este registro!

MARC

LEADER 00000nam a2200000 4500
001 c110697
005 20221220080516.1
041 0 |a slo 
044 |a SK 
245 1 0 |a Tovaroznalectvo  |b návody na cvičenia 1  |c Ján Repka a kol. 
250 |a 1. vyd. 
264 1 |a Bratislava  |b VŠE  |c 1985 
300 |a 164 s. 
100 1 |a Repka, Ján 
700 1 |a Kollár, Vojtech 
700 1 |a Hudák, C. 
700 1 |a Hlôška, Branislav 
700 1 |a Macejová, Eva 
700 1 |a Lifková, Zdenka 
700 1 |a Jaloviar, Alexander 
700 1 |a Müller, Ladislav 
700 1 |a Harna, Štefan 
700 1 |a Luknár, Ondrej 
710 2 |a Vysoká škola ekonomická v Bratislave. Obchodná fakulta